00169 a2200073 4500000002500000005001700025100003300042245002000075 nam a22 7a 450020260210153705.0 aDivakaruni, Chitra Banerjee  aThe Last Queen